MARC details
| 000 -LEADER |
| campo de control de longitud fija |
02071nam a2200397 4500 |
| 001 - NÚMERO DE CONTROL |
| campo de control |
174571 |
| 003 - IDENTIFICADOR DE NÚMERO DE CONTROL |
| campo de control |
ES-MaACL |
| 005 - FECHA Y HORA DE LA ÚLTIMA TRANSACCIÓN |
| campo de control |
20251114103310.0 |
| 008 - DATOS DE LONGITUD FIJA--INFORMACIÓN GENERAL |
| campo de control de longitud fija |
100506s1990 ck |||| |dspa d |
| 020 ## - NÚMERO INTERNACIONAL ESTÁNDAR DEL LIBRO |
| Número Internacional Estándar del Libro |
958-643-000-6 |
| 080 ## - NÚMERO DE LA CLASIFICACIÓN DECIMAL UNIVERSAL |
| Número de la Clasificación Decimal Universal |
929 Torres, Manuel |
| 080 ## - NÚMERO DE LA CLASIFICACIÓN DECIMAL UNIVERSAL |
| Número de la Clasificación Decimal Universal |
327(861:73)"1810/1831"(093) |
| 080 ## - NÚMERO DE LA CLASIFICACIÓN DECIMAL UNIVERSAL |
| Número de la Clasificación Decimal Universal |
327(73:861)"1810/1831"(093) |
| 080 ## - NÚMERO DE LA CLASIFICACIÓN DECIMAL UNIVERSAL |
| Número de la Clasificación Decimal Universal |
986.1"19"(093) |
| 245 03 - MENCIÓN DEL TÍTULO |
| Título |
La Gran Colombia y los Estados Unidos de América |
| Resto del título |
: relaciones diplomáticas, 1810-1831 / |
| Mención de responsabilidad, etc. |
[compiladores, Luis Horacio López Domínguez, Nicolás García Samudio] ; prólogo, Julio Londoño Paredes. |
| 250 ## - MENCION DE EDICION |
| Mención de edición |
1ª ed. |
| 260 ## - PUBLICACIÓN, DISTRIBUCIÓN, ETC. |
| Lugar de publicación, distribución, etc. |
Bogotá : |
| Nombre del editor, distribuidor, etc. |
Fundación Francisco de Paula Santander, |
| Fecha de publicación, distribución, etc. |
1990. |
| 300 ## - DESCRIPCIÓN FÍSICA |
| Extensión |
2 v. ; |
| Dimensiones |
24 cm. |
| 490 1# - MENCIÓN DE SERIE |
| Mención de serie |
Biblioteca Presidencia de la República. |
| -- |
Documentos ; |
| Designación de volumen o secuencia |
68-69 |
| 500 ## - NOTA GENERAL |
| Nota general |
Índices. |
| 504 ## - NOTA DE BIBLIOGRAFÍA, ETC. |
| Nota de bibliografía, etc. |
Bibliografía: v. 2, p. 348-350. |
| 505 0# - NOTA DE CONTENIDO CON FORMATO |
| Nota de contenido con formato |
v. 1, 1ª parte: Capítulos de historia diplomática, 1810-1831 / Nicolás García Samudio - v. 1, 2ª parte: Documentos relativos a las relaciones entre la Gran Colombia y los Estados Unidos de América, 1819-1831. Índices. Cronología - v. 2: [Documentos... (continuación)]. Índices. Fuentes y bibliografía. Cronología. |
| 594 ## - Nota al título y mención de responsabilidad |
| Nota al título y mención de responsabilidad |
Precede al tít.: Fundación para la Conmemoración del Bicentenario del Natalicio y el Sesquicentenario de la Muerte del General Francisco de Paula Santander. |
| 600 17 - PUNTO DE ACCESO ADICIONAL DE MATERIA--NOMBRE DE PERSONA |
| Nombre de persona |
Torres, Manuel, |
| Fechas asociadas al nombre |
1764-1822 |
| Fuente del encabezamiento o término |
|
| 9 (RLIN) |
142736 |
| 600 14 - PUNTO DE ACCESO ADICIONAL DE MATERIA--NOMBRE DE PERSONA |
| Nombre de persona |
Santander, Francisco de Paula. |
| 9 (RLIN) |
142712 |
| 651 #4 - PUNTO DE ACCESO ADICIONAL DE MATERIA--NOMBRE GEOGRÁFICO |
| Nombre geográfico |
Colombia- |
| Subdivisión general |
Relaciones- |
| Subdivisión geográfica |
Estados Unidos. |
| 9 (RLIN) |
142737 |
| 651 #4 - PUNTO DE ACCESO ADICIONAL DE MATERIA--NOMBRE GEOGRÁFICO |
| Nombre geográfico |
Estados Unidos- |
| Subdivisión general |
Relaciones- |
| Subdivisión geográfica |
Colombia. |
| 9 (RLIN) |
142738 |
| 651 #7 - PUNTO DE ACCESO ADICIONAL DE MATERIA--NOMBRE GEOGRÁFICO |
| Nombre geográfico |
Colombia- |
| Subdivisión general |
Historia- |
| Subdivisión cronológica |
1810-1822, Guerra de la Independencia. |
| 9 (RLIN) |
8075 |
| 651 #4 - PUNTO DE ACCESO ADICIONAL DE MATERIA--NOMBRE GEOGRÁFICO |
| Nombre geográfico |
Gran Colombia- |
| Subdivisión general |
Historia. |
| 9 (RLIN) |
171073 |
| 700 1# - ENTRADA AGREGADA--NOMBRE PERSONAL |
| Nombre de persona |
López Domínguez, Luis Horacio. |
| 9 (RLIN) |
142739 |
| 700 1# - ENTRADA AGREGADA--NOMBRE PERSONAL |
| Nombre de persona |
Londoño Paredes, Julio. |
| 9 (RLIN) |
142740 |
| 700 1# - ENTRADA AGREGADA--NOMBRE PERSONAL |
| Nombre de persona |
García Samudio, Nicolás. |
| 9 (RLIN) |
142741 |
| 830 10 - PUNTO DE ACCESO ADICIONAL DE SERIE-TÍTULO UNIFORME |
| Título uniforme |
Biblioteca Presidencia de la República |
| Designación de volumen o secuencia |
68-69 |
| 9 (RLIN) |
223702 |
| 852 ## - LOCALIZACIÓN |
| Ubicación |
ES-MaACL |
| Número de control de estantería |
C-57198-99 |